[Event "Kesarovski Georgiev Memorial 9th"]
[Site "Sunny Beach"]
[Date "2010.09.04"]
[Round "8"]
[White "Manolov, Ivan"]
[Black "Bassel, Charaf"]
[Result "1/2-1/2"]
[WhiteElo "2261"]
[BlackElo "2089"]
[PlyCount "68"]
[EventDate "2010.08.28"]
[EventType "swiss"]
[EventRounds "9"]
[EventCountry "BUL"]
[SourceTitle "CBM 138 Extra"]
[Source "ChessBase"]
[SourceDate "2010.10.29"]
[SourceVersion "1"]
[SourceVersionDate "2010.10.29"]
[SourceQuality "1"]

1. e4 Nc6 2. Nc3 Nf6 3. d4 d6 4. d5 Ne5 5. f4 Ng6 6. Nf3 e6 7. dxe6 fxe6 8. Bc4 c6 9. Qe2 Be7 10. e5 Nd5 11. exd6 Qxd6 12. Ne4 Qc7 13. g3 e5 14. fxe5 Nxe5 15. Nxe5 Qxe5 16. Nf2 Qxe2+ 17. Bxe2 Nb4 18. Bh5+ g6 19. Bd1 Bf5 20. c3 Nc2+ 21. Bxc2 Bxc2 22. Be3 b6 23. a4 0-0 24. a5 Bc5 25. Bxc5 bxc5 26. 0-0 Rab8 27. Rae1 Rxb2 28. Re7 Bb3 29. Ne4 Rxf1+ 30. Kxf1 Bc4+ 31. Kg1 a6 32. Nf6+ Kf8 33. Rxh7 Rc2 34. Rd7 Rc1+ 1/2-1/2

[Event "BUL-chT-A 60th"]
[Site "Albena"]
[Date "2010.05.31"]
[Round "5.3"]
[White "Drenchev, Petar"]
[Black "Manolov, Ivan"]
[Result "0-1"]
[WhiteElo "2492"]
[BlackElo "2266"]
[PlyCount "70"]
[EventDate "2010.05.27"]
[EventType "team-tourn"]
[EventRounds "7"]
[EventCountry "BUL"]
[SourceTitle "CBM 136 Extra"]
[Source "ChessBase"]
[SourceDate "2010.07.02"]
[SourceVersion "2"]
[SourceVersionDate "2010.07.15"]
[SourceQuality "1"]
[WhiteTeam "Plovdiv Lokomotiv"]
[BlackTeam "Lukoil Neftohimik"]
[WhiteTeamCountry "BUL"]
[BlackTeamCountry "BUL"]

1. d4 Nf6 2. c4 c5 3. d5 e5 4. Nc3 d6 5. e4 Be7 6. Be2 Nbd7 7. Nf3 0-0 8. 0-0 Ne8 9. a3 g6 10. Bh6 Ng7 11. Qd2 Nf6 12. b4 b6 13. bxc5 bxc5 14. h3 Kh8 15. Rfd1 Ng8 16. Be3 f5 17. Rab1 Ba6 18. Qc2 f4 19. Bd2 g5 20. Na4 h5 21. Nxc5 dxc5 22. Nxe5 Rf6 23. Bc3 Qe8 24. Nc6 Rxc6 25. dxc6 Qxc6 26. Bxh5 Rf8 27. Bg4 Nf6 28. Bf3 Qe6 29. e5 Ng8 30. Bd5 Qh6 31. Qa4 f3 32. Rd3 fxg2 33. e6 Bc8 34. Qc6 Qg6 35. Rg3 Bf6 0-1

[Event "Kesarovski Georgiev Memorial 8th"]
[Site "Sunny Beach"]
[Date "2009.09.11"]
[Round "7"]
[White "Persson, Mats"]
[Black "Manolov, Ivan"]
[Result "1/2-1/2"]
[WhiteElo "2198"]
[BlackElo "2266"]
[PlyCount "61"]
[EventDate "2009.09.07"]
[EventType "swiss"]
[EventRounds "9"]
[EventCountry "BUL"]
[SourceTitle "CBM 132 Extra"]
[Source "ChessBase"]
[SourceDate "2009.11.03"]
[SourceVersion "1"]
[SourceVersionDate "2009.11.03"]
[SourceQuality "1"]

1. e4 c5 2. Nf3 e6 3. b3 Nc6 4. Bb2 d6 5. Bb5 Bd7 6. 0-0 e5 7. Re1 g6 8. c3 Bg7 9. d4 Nge7 10. dxc5 dxc5 11. Qd6 Qb6 12. Bxc6 Qxc6 13. Qxc6 Nxc6 14. Na3 0-0-0 15. Nc4 Be6 16. Ne3 f6 17. Rad1 Rxd1 18. Rxd1 Rd8 19. Rxd8+ Kxd8 20. Kf1 Bh6 21. Ke2 Kd7 22. Bc1 b6 23. Bd2 Bg7 24. Kd3 Ne7 25. c4 Nc8 26. Bc3 Nd6 27. Nd2 a6 28. Nd5 Bxd5 29. cxd5 b5 30. f3 Bh6 31. Nb1 1/2-1/2

[Event "Kesarovski Georgiev Memorial 8th"]
[Site "Sunny Beach"]
[Date "2009.09.07"]
[Round "1"]
[White "Koelbl, Wolfgang"]
[Black "Manolov, Ivan"]
[Result "0-1"]
[WhiteElo "1939"]
[BlackElo "2266"]
[PlyCount "66"]
[EventDate "2009.09.07"]
[EventType "swiss"]
[EventRounds "9"]
[EventCountry "BUL"]
[SourceTitle "CBM 132 Extra"]
[Source "ChessBase"]
[SourceDate "2009.11.03"]
[SourceVersion "1"]
[SourceVersionDate "2009.11.03"]
[SourceQuality "1"]

1. d4 Nf6 2. c4 c5 3. Nf3 cxd4 4. Nxd4 Nc6 5. Nc3 e6 6. g3 Qb6 7. e3 Bb4 8. Nde2 Ne5 9. Bg2 Nxc4 10. 0-0 0-0 11. b3 Ne5 12. Bb2 Nc6 13. Ne4 Nxe4 14. Bxe4 d5 15. Bg2 Rd8 16. Nf4 Bf8 17. Qh5 Qc7 18. Rfd1 Qe7 19. Rac1 g6 20. Qe2 Bg7 21. Bxg7 Kxg7 22. e4 dxe4 23. Qxe4 Bd7 24. Nd3 Be8 25. b4 Rd4 26. Qe1 Rad8 27. Qc3 Qf6 28. a3 a6 29. Qc2 Qf5 30. Qc3 Qf6 31. Qc2 a5 32. b5 Ne7 33. b6 Ba4 0-1

[Event "Kesarovski Georgiev Memorial 7th"]
[Site "Sunny Beach"]
[Date "2008.09.14"]
[Round "9"]
[White "Manolov, Ivan"]
[Black "Mitkov, Marjan"]
[Result "1/2-1/2"]
[WhiteElo "2246"]
[BlackElo "2382"]
[PlyCount "29"]
[EventDate "2008.09.08"]
[EventType "swiss"]
[EventRounds "9"]
[EventCountry "BUL"]
[SourceTitle "CBM 126 Extra"]
[Source "ChessBase"]
[SourceDate "2008.11.05"]
[SourceVersion "1"]
[SourceVersionDate "2008.11.05"]
[SourceQuality "1"]

1. e4 c5 2. Nf3 e6 3. d4 cxd4 4. Nxd4 Nc6 5. Be3 Qc7 6. g3 a6 7. Bg2 d6 8. 0-0 Bd7 9. Re1 Be7 10. a4 Nf6 11. Nb3 0-0 12. a5 Ne5 13. h3 Rac8 14. Kh2 Bc6 15. Qe2 1/2-1/2

[Event "Kesarovski Georgiev Memorial 7th"]
[Site "Sunny Beach"]
[Date "2008.09.13"]
[Round "8"]
[White "Andonovski, Ljubisa"]
[Black "Manolov, Ivan"]
[Result "0-1"]
[WhiteElo "2300"]
[BlackElo "2246"]
[PlyCount "62"]
[EventDate "2008.09.08"]
[EventType "swiss"]
[EventRounds "9"]
[EventCountry "BUL"]
[SourceTitle "CBM 126 Extra"]
[Source "ChessBase"]
[SourceDate "2008.11.05"]
[SourceVersion "1"]
[SourceVersionDate "2008.11.05"]
[SourceQuality "1"]

1. d4 Nf6 2. Nf3 c5 3. d5 e6 4. c4 b5 5. Bg5 exd5 6. cxd5 d6 7. e4 a6 8. a4 b4 9. Nbd2 Be7 10. Bf4 0-0 11. Bd3 a5 12. 0-0 Nbd7 13. Nc4 Nb6 14. Nxb6 Qxb6 15. Nd2 Qc7 16. Re1 Nd7 17. Bb5 Nb6 18. e5 dxe5 19. Bxe5 Bd6 20. Bxd6 Qxd6 21. Bc6 Ra7 22. Ne4 Qe5 23. Nxc5 Qxb2 24. d6 Qf6 25. d7 Rc7 26. Re8 Bxd7 27. Rxf8+ Kxf8 28. Nxd7+ Nxd7 29. Bxd7 Rxd7 30. Qf1 g6 31. Rc1 Rd2 0-1

[Event "Kesarovski Georgiev Memorial 7th"]
[Site "Sunny Beach"]
[Date "2008.09.11"]
[Round "5"]
[White "Manolov, Ivan"]
[Black "Kozhuharov, Spas"]
[Result "0-1"]
[WhiteElo "2246"]
[BlackElo "2412"]
[PlyCount "75"]
[EventDate "2008.09.08"]
[EventType "swiss"]
[EventRounds "9"]
[EventCountry "BUL"]
[SourceTitle "CBM 126 Extra"]
[Source "ChessBase"]
[SourceDate "2008.11.05"]
[SourceVersion "1"]
[SourceVersionDate "2008.11.05"]
[SourceQuality "1"]

1. e4 c5 2. Nf3 d6 3. d4 Nf6 4. Nc3 cxd4 5. Nxd4 Nc6 6. Nde2 g6 7. g3 Bg7 8. Bg2 0-0 9. 0-0 Rb8 10. a4 a6 11. h3 b5 12. axb5 axb5 13. Kh2 b4 14. Nd5 Nd7 15. Ra2 e6 16. Ne3 Nc5 17. b3 Qc7 18. Bb2 Bxb2 19. Rxb2 Bb7 20. c4 bxc3 21. Nxc3 Ba6 22. Rg1 Rb4 23. Ned5 exd5 24. Nxd5 Qd8 25. Nxb4 Nxb4 26. Rd2 Bd3 27. Re1 Qf6 28. Re3 Re8 29. Qe1 Nc2 30. Rxc2 Bxc2 31. b4 Ne6 32. Rc3 Ba4 33. Qd2 Bb5 34. Rc7 Rb8 35. Rc2 Kg7 36. f4 h6 37. Qf2 Be8 38. Rb2 0-1

[Event "Kesarovski Georgiev Memorial 7th"]
[Site "Sunny Beach"]
[Date "2008.09.10"]
[Round "4"]
[White "Bedouin, Xavier"]
[Black "Manolov, Ivan"]
[Result "1/2-1/2"]
[WhiteElo "2365"]
[BlackElo "2246"]
[PlyCount "124"]
[EventDate "2008.09.08"]
[EventType "swiss"]
[EventRounds "9"]
[EventCountry "BUL"]
[SourceTitle "CBM 126 Extra"]
[Source "ChessBase"]
[SourceDate "2008.11.05"]
[SourceVersion "1"]
[SourceVersionDate "2008.11.05"]
[SourceQuality "1"]

1. e4 c5 2. c3 Nf6 3. e5 Nd5 4. Bc4 Nb6 5. Bb3 e6 6. d4 cxd4 7. cxd4 d6 8. Qe2 Nc6 9. Nf3 dxe5 10. dxe5 Qc7 11. 0-0 Be7 12. Nc3 a6 13. Bf4 Nd7 14. Ne4 Nc5 15. Nd6+ Bxd6 16. exd6 Qd8 17. Rfd1 Nxb3 18. axb3 Bd7 19. Ne5 0-0 20. Nc4 Nb4 21. Be5 Nd5 22. Na5 f6 23. Bd4 Qb8 24. b4 Re8 25. Bc3 b6 26. Nc4 Bb5 27. Qg4 Bxc4 28. Qxc4 Qb7 29. Re1 b5 30. Qg4 Qd7 31. Rad1 Qxd6 32. g3 Rac8 33. Rd3 Rc4 34. Qh5 Rcc8 35. h4 Qd7 36. Qg4 Qf7 37. Qd1 Red8 38. Qf3 Rc6 39. Qe4 Rdc8 40. Kh2 Qg6 41. Qf3 h5 42. Rxe6 Rxe6 43. Rxd5 Qg4 44. Qd3 Rce8 45. Rd7 Re2 46. Kg2 Qe6 47. Rd5 Qc6 48. Qf3 Qc4 49. Rxh5 Qe4 50. Rd5 Qxf3+ 51. Kxf3 R8e6 52. Rd7 Rc2 53. Ra7 Kh7 54. Bd4 Rd2 55. Bc3 Rd5 56. Kg4 Kg6 57. f4 Kh6 58. Ra8 f5+ 59. Kh3 Re3 60. Rxa6+ Kh5 61. Bxg7 Rd6 62. Rxd6 Rxg3+ 1/2-1/2

[Event "Kesarovski Georgiev Memorial 7th"]
[Site "Sunny Beach"]
[Date "2008.09.10"]
[Round "3"]
[White "Manolov, Ivan"]
[Black "Nikolov, Sasho"]
[Result "1/2-1/2"]
[WhiteElo "2246"]
[BlackElo "2398"]
[PlyCount "110"]
[EventDate "2008.09.08"]
[EventType "swiss"]
[EventRounds "9"]
[EventCountry "BUL"]
[SourceTitle "CBM 126 Extra"]
[Source "ChessBase"]
[SourceDate "2008.11.05"]
[SourceVersion "1"]
[SourceVersionDate "2008.11.05"]
[SourceQuality "1"]

1. e4 e5 2. Nf3 Nc6 3. Bb5 a6 4. Ba4 Nf6 5. d3 b5 6. Bb3 Be7 7. 0-0 0-0 8. Re1 d6 9. c3 Na5 10. Bc2 c5 11. h3 Re8 12. Nbd2 Bf8 13. Nf1 Bb7 14. Ng3 d5 15. exd5 Qxd5 16. Bg5 Qc6 17. Ne4 Nd5 18. d4 cxd4 19. cxd4 Nc4 20. b3 Na3 21. Rc1 Nxc2 22. Rxc2 Qg6 23. dxe5 Nb4 24. Nh4 Bxe4 25. Nxg6 Bxc2 26. Qg4 hxg6 27. e6 fxe6 28. a3 Bf5 29. Qf3 Nc2 30. Rd1 e5 31. g4 Be6 32. b4 Nd4 33. Qe4 Bb3 34. Rd3 Rac8 35. Rxb3 Nxb3 36. Qd5+ Kh7 37. Qxb3 Rc4 38. Qe3 Re6 39. Qf3 Kg8 40. Qd5 Rcc6 41. Be3 Be7 42. Qd7 Rcd6 43. Qe8+ Kh7 44. Bc5 Bg5 45. Qc8 Rc6 46. Qd7 e4 47. Kg2 Bf6 48. Kf1 Bb2 49. g5 Be5 50. Kg2 Bc3 51. h4 Bb2 52. Kf1 Bc3 53. Ke2 Bb2 54. Kf1 Be5 55. Kg2 Bb2 1/2-1/2

[Event "Kesarovski Georgiev Memorial 6th"]
[Site "Sunny Beach"]
[Date "2007.09.17"]
[Round "8"]
[White "Sgircea, Silvia Raluca"]
[Black "Manolov, Ivan"]
[Result "0-1"]
[WhiteElo "2226"]
[BlackElo "2259"]
[PlyCount "72"]
[EventDate "2007.09.10"]
[EventType "swiss"]
[EventRounds "9"]
[EventCountry "BUL"]
[SourceTitle "CBM 120 Extra"]
[Source "ChessBase"]
[SourceDate "2007.11.01"]
[SourceVersion "1"]
[SourceVersionDate "2007.11.01"]
[SourceQuality "1"]

1. Nf3 Nf6 2. c4 d6 3. d4 Nbd7 4. Nc3 c6 5. e4 e5 6. Be2 Be7 7. 0-0 0-0 8. h3 a6 9. a4 a5 10. dxe5 dxe5 11. Be3 Qc7 12. Qc2 Nc5 13. Rad1 h6 14. b3 Ne6 15. Rfe1 Re8 16. Bf1 Bb4 17. Bc1 Nd7 18. g3 Bc5 19. Be3 Qb6 20. Bxc5 Nexc5 21. Nd2 Ne6 22. Nf3 Nd4 23. Nxd4 exd4 24. Ne2 Ne5 25. Nxd4 c5 26. f4 cxd4 27. fxe5 d3+ 28. Qf2 Qxb3 29. Rxd3 Qxa4 30. Rd5 Be6 31. Qb6 Bxd5 32. exd5 Qb4 33. Qxb4 axb4 34. Rb1 Rxe5 35. Rxb4 Ra1 36. Kf2 Rf5+ 0-1

[Event "Kesarovski Georgiev Memorial 6th"]
[Site "Sunny Beach"]
[Date "2007.09.15"]
[Round "6"]
[White "Vlashki, Nino"]
[Black "Manolov, Ivan"]
[Result "1-0"]
[WhiteElo "2009"]
[BlackElo "2259"]
[PlyCount "79"]
[EventDate "2007.09.10"]
[EventType "swiss"]
[EventRounds "9"]
[EventCountry "BUL"]
[SourceTitle "CBM 120 Extra"]
[Source "ChessBase"]
[SourceDate "2007.11.01"]
[SourceVersion "1"]
[SourceVersionDate "2007.11.01"]
[SourceQuality "1"]

1. e4 c5 2. Nf3 a6 3. c3 e6 4. d4 d5 5. e5 Nc6 6. Be2 cxd4 7. cxd4 Qb6 8. Nc3 Nge7 9. a3 Nf5 10. Be3 Nxe3 11. fxe3 Be7 12. 0-0 0-0 13. b4 f6 14. exf6 Bxf6 15. Qd2 Qd8 16. Rfc1 Kh8 17. Rab1 Bd7 18. a4 Ne7 19. Bd3 Be8 20. Qc2 Rc8 21. Qb3 g5 22. b5 g4 23. Nd2 axb5 24. Nxb5 Rxc1+ 25. Rxc1 Bg5 26. Nf1 Nc6 27. Qd1 h5 28. Qe2 Qe7 29. Bb1 e5 30. dxe5 Nxe5 31. Re1 Bf7 32. Ng3 h4 33. Nf5 Qf6 34. Rf1 Bg6 35. Nbd4 Nc4 36. Bd3 Ne5 37. Bb1 Rf7 38. Ba2 Nc4 39. Bxc4 dxc4 40. Qxc4 1-0

[Event "Kesarovski Georgiev Memorial 5th"]
[Site "Sunny Beach"]
[Date "2006.09.07"]
[Round "6.8"]
[White "Manolov, Ivan"]
[Black "Nikolov, Sasho"]
[Result "1-0"]
[WhiteElo "2257"]
[BlackElo "2358"]
[PlyCount "95"]
[EventDate "2006.09.02"]
[EventType "swiss"]
[EventRounds "9"]
[EventCountry "BUL"]
[SourceTitle "CBM 114 Extra"]
[Source "ChessBase"]
[SourceDate "2006.11.03"]
[SourceVersion "1"]
[SourceVersionDate "2006.11.03"]
[SourceQuality "1"]

1. e4 c5 2. Nf3 d6 3. c3 Nf6 4. Be2 Nbd7 5. Qc2 b6 6. d4 cxd4 7. cxd4 Bb7 8. Nc3 Rc8 9. Nd2 e6 10. 0-0 Be7 11. Re1 0-0 12. Bf1 a6 13. a4 Rc7 14. Qd1 Qa8 15. f3 Rfc8 16. Nb3 Nf8 17. Be3 N6d7 18. Rc1 Ng6 19. Qd2 Bf8 20. Bf2 Be7 21. Na2 h6 22. Be3 Rxc1 23. Rxc1 Rxc1 24. Nbxc1 Qd8 25. Nc3 Bg5 26. f4 Be7 27. d5 e5 28. f5 Ngf8 29. b4 Bg5 30. Bxg5 hxg5 31. Nb3 Qc7 32. Qe3 Nf6 33. Be2 N8d7 34. g4 Kf8 35. a5 Ke7 36. axb6 Nxb6 37. Na5 Nbd7 38. h3 Kd8 39. Kf1 Kc8 40. Nc4 Kb8 41. Na4 Bc8 42. Bd3 Qb7 43. Na5 Qc7 44. Nc6+ Ka8 45. b5 axb5 46. Bxb5 Nb8 47. Nb6+ Kb7 48. Na5+ 1-0

[Event "Kesarovski Georgiev Memorial 5th"]
[Site "Sunny Beach"]
[Date "2006.09.04"]
[Round "3.20"]
[White "Manolov, Ivan"]
[Black "Persson, Mats"]
[Result "1-0"]
[WhiteElo "2257"]
[BlackElo "2083"]
[PlyCount "33"]
[EventDate "2006.09.02"]
[EventType "swiss"]
[EventRounds "9"]
[EventCountry "BUL"]
[SourceTitle "CBM 114 Extra"]
[Source "ChessBase"]
[SourceDate "2006.11.03"]
[SourceVersion "1"]
[SourceVersionDate "2006.11.03"]
[SourceQuality "1"]

1. e4 c5 2. Nf3 e6 3. d4 cxd4 4. Nxd4 a6 5. Nc3 Qc7 6. g3 b5 7. Bg2 b4 8. Na4 Bb7 9. 0-0 Nc6 10. c3 Nf6 11. Bg5 bxc3 12. Nxc3 Nxd4 13. Qxd4 Bc5 14. Qd2 Bc6 15. Rac1 Ng4 16. Nd5 Bxf2+ 17. Qxf2 1-0

[Event "Kesarovski Georgiev Memorial 5th"]
[Site "Sunny Beach"]
[Date "2006.09.03"]
[Round "2.2"]
[White "Schebler, Gerhard"]
[Black "Manolov, Ivan"]
[Result "1-0"]
[WhiteElo "2499"]
[BlackElo "2257"]
[PlyCount "61"]
[EventDate "2006.09.02"]
[EventType "swiss"]
[EventRounds "9"]
[EventCountry "BUL"]
[SourceTitle "CBM 114 Extra"]
[Source "ChessBase"]
[SourceDate "2006.11.03"]
[SourceVersion "1"]
[SourceVersionDate "2006.11.03"]
[SourceQuality "1"]

1. d4 Nf6 2. c4 c5 3. d5 e5 4. Nc3 d6 5. e4 Be7 6. Nge2 Nh5 7. Ng3 Nf4 8. Nf5 g6 9. Nxe7 Qxe7 10. h4 0-0 11. g3 Nh5 12. Be2 Ng7 13. Bh6 Nd7 14. Qd2 a6 15. a4 b6 16. h5 f5 17. hxg6 hxg6 18. Rh2 Ra7 19. 0-0-0 Nf6 20. Rdh1 b5 21. exf5 Bxf5 22. f3 b4 23. Nd1 e4 24. Bxg7 Qxg7 25. g4 Bd7 26. Qf4 Bxa4 27. Qxd6 Raf7 28. f4 Nd7 29. Qe6 Nf6 30. g5 Nh5 31. Bxh5 1-0

[Event "Kesarovski Georgiev Memorial 3rd"]
[Site "Sunny Beach"]
[Date "2004.09.19"]
[Round "3"]
[White "Manolov, Ivan"]
[Black "Pantev, Veselin"]
[Result "0-1"]
[WhiteElo "2257"]
[BlackElo "2358"]
[PlyCount "114"]
[EventDate "2004.09.18"]
[EventType "swiss"]
[EventRounds "9"]
[EventCountry "BUL"]
[SourceTitle "CBM 102 Extra"]
[Source "ChessBase"]
[SourceDate "2004.11.03"]
[SourceVersion "1"]
[SourceVersionDate "2004.11.03"]
[SourceQuality "1"]

1. Nf3 Nf6 2. d3 d5 3. Nbd2 Bf5 4. g3 e6 5. Bg2 Be7 6. 0-0 0-0 7. Nh4 Bg4 8. h3 Bh5 9. g4 Nfd7 10. gxh5 Bxh4 11. e4 c6 12. Qe2 dxe4 13. dxe4 e5 14. Nf3 Bf6 15. Be3 Qe7 16. Rad1 Nc5 17. Bxc5 Qxc5 18. Rd3 Na6 19. Ne1 Qe7 20. Rg3 Nc5 21. Nd3 Ne6 22. c3 Rad8 23. Kh1 Nf4 24. Nxf4 exf4 25. Rd3 Rxd3 26. Qxd3 Rd8 27. Qe2 Qd6 28. Bf3 g6 29. hxg6 hxg6 30. Kg2 Qe6 31. a3 Qb3 32. Rc1 Be5 33. Rc2 Qe6 34. Rd2 Rd6 35. Rxd6 Bxd6 36. Bg4 Qe5 37. Qd3 Qe7 38. b4 b6 39. a4 c5 40. b5 Be5 41. Bd1 Qf6 42. c4 Bd4 43. Qf3 Kg7 44. Be2 Qh4 45. e5 Bxe5 46. Qg4 Qe7 47. Bd3 Qd6 48. Qe2 Qd4 49. Be4 Qd6 50. Qd3 Bd4 51. Qf3 Qe5 52. Bd3 f5 53. Qe2 Qf6 54. Qf3 Qh4 55. Kf1 Kh6 56. Ke2 Be5 57. Kf1 Qd8 0-1

[Event "BUL-chT"]
[Site "Plovdiv"]
[Date "2003.11.06"]
[Round "2"]
[White "Raev, Rostislav"]
[Black "Manolov, Ivan"]
[Result "1-0"]
[WhiteElo "2282"]
[BlackElo "2255"]
[PlyCount "137"]
[EventDate "2003.11.??"]
[EventType "team"]
[EventRounds "9"]
[EventCountry "BUL"]
[SourceTitle "CBM 097 Extra"]
[Source "ChessBase"]
[SourceDate "2004.01.13"]
[SourceVersion "1"]
[SourceVersionDate "2004.01.13"]
[SourceQuality "1"]

1. d4 c5 2. e3 Nf6 3. Nf3 g6 4. Be2 Bg7 5. 0-0 0-0 6. b3 d6 7. Bb2 Nbd7 8. c4 a6 9. Nc3 Rb8 10. Qd2 b6 11. Rfe1 Bb7 12. Bf1 Bxf3 13. gxf3 cxd4 14. exd4 Nh5 15. a4 Re8 16. Nd5 e6 17. Nb4 Ra8 18. Bg2 Qf6 19. Nd3 a5 20. b4 Qf5 21. Qe3 axb4 22. Qe4 Qxe4 23. fxe4 Rac8 24. Rec1 Bh6 25. Rc2 b3 26. Rc3 Bd2 27. Rxb3 Rxc4 28. Bf1 Rc2 29. Nb4 Rc7 30. Bb5 Ra8 31. Nc6 Nhf6 32. f3 Bf4 33. Rd1 e5 34. dxe5 dxe5 35. Rbd3 Kg7 36. Rd6 Re8 37. Kh1 Nc5 38. Nb4 Re6 39. Rxe6 Nxe6 40. Rd6 Rc5 41. Rxb6 Be3 42. Rc6 Nd7 43. Nd3 Rxc6 44. Bxc6 Nb6 45. Nxe5 Bd4 46. Bxd4 Nxd4 47. a5 Nc8 48. Bb7 Na7 49. Kg2 f6 50. Nc4 Kf7 51. Kf2 Ke7 52. a6 Nb3 53. Nb6 Kd8 54. Nd5 f5 55. exf5 gxf5 56. Ke3 Kd7 57. Kf4 Ke6 58. Kg5 Nd4 59. Nf4+ Ke5 60. Nd3+ Ke6 61. h4 Kf7 62. Kh6 f4 63. Kxh7 Nf5 64. h5 Kf6 65. Be4 Nd6 66. h6 Nac8 67. Nxf4 Nf7 68. Nd5+ Kg5 69. f4+ 1-0

[Event "BUL-chT"]
[Site "Plovdiv"]
[Date "2003.11.05"]
[Round "1"]
[White "Manolov, Ivan"]
[Black "Spasov, Vasil"]
[Result "0-1"]
[WhiteElo "2255"]
[BlackElo "2543"]
[PlyCount "120"]
[EventDate "2003.11.??"]
[EventType "team"]
[EventRounds "9"]
[EventCountry "BUL"]
[SourceTitle "CBM 097 Extra"]
[Source "ChessBase"]
[SourceDate "2004.01.13"]
[SourceVersion "1"]
[SourceVersionDate "2004.01.13"]
[SourceQuality "1"]

1. e4 c5 2. Nf3 Nc6 3. d4 cxd4 4. Nxd4 Nf6 5. Nc3 d6 6. Be2 g6 7. 0-0 Bg7 8. Be3 0-0 9. h3 Bd7 10. Nb3 a6 11. a4 Na5 12. Nxa5 Qxa5 13. Bd2 Rac8 14. Bd3 Qc7 15. a5 Bc6 16. Qe2 d5 17. exd5 Nxd5 18. Nxd5 Bxd5 19. c3 e5 20. Rfe1 f5 21. f3 Rce8 22. Ra4 Bc6 23. Raa1 e4 24. Bc4+ Kh8 25. f4 g5 26. Qf2 gxf4 27. Bxf4 Be5 28. g3 Bxf4 29. Qxf4 Qxf4 30. gxf4 Rf6 31. Kf2 Rh6 32. Bf1 Rd6 33. Ke3 Rg8 34. Kf2 Rd2+ 35. Re2 Rgd8 36. b4 e3+ 37. Kxe3 R2d3+ 38. Kf2 Rf3+ 39. Ke1 Bb5 40. Bg2 Bxe2 41. Kxe2 Rxc3 42. Bxb7 Rb3 43. Bxa6 Rxb4 44. Bd3 Rb2+ 45. Ke3 Rb3 46. Rd1 Ra3 47. a6 Kg7 48. Ke2 Kf6 49. Rd2 Rd4 50. Ke3 Re4+ 51. Kf3 Rea4 52. Ke2 Rxf4 53. Rb2 Rd4 54. Rb6+ Kg5 55. Bc2 Ra2 56. Ke3 Rh4 57. Bb1 Ra3+ 58. Kf2 Rhxh3 59. Rb5 Rhf3+ 60. Ke2 Rf4 0-1